000 004890000a22001930004500
001 001883
003 MACL
005 20151016160022.0
008 151016b xxu||||| |||| 00| 0 eng d
040 _aMACL
_cMACL
041 _aEnglish
082 _a920/SEN
100 _aSengupta, Pallab
_915390
245 _aDerozio
_bMakers of Indian Literature
_cPallab Sengupta
260 _aNew Delhi
_c2000
_bSahitya Akademi,
350 _a25
650 _aBiography
_915391
942 _k920
_cBK
_2ddc
999 _c13799
_d13799